000 00645nam a22002057a 4500
001 2835
003 BD-DhBUF
005 20251125130651.0
008 251125b bg ||||| |||| 00| 0 ben d
020 _a9789848078433
040 _aBD-DhBUF
_cBD-DhBUF
100 _aট্রেসি,ব্রায়ান
_94214
245 _aটাইম ম্যানেজমেন্ট /
_cট্রেসি,ব্রায়ান
246 _aTime management /
260 _aঢাকা :
_bপ্রিয়মুখ,
_c২০২১.
300 _a111p. :
_c22cm. ;
526 _aTEM
650 _aBengali literature
_9171
942 _2ddc
_cBK
999 _c2835
_d2835